000 03276cam a2201189 i 4500
003 PE-LiUPU
005 20250813185709.0
008 160811e201503 pe b 000 0 spa
010 _a 2016445448
020 _a9789972573170
040 _aPE-LiUPU
_bspa
_erda
_cPE-LiUPU
050 0 0 _aHC227
_b.A42 2015
082 _223
_a338.985
_bA321t
100 1 _aAlarco, Germán,
_eautor.
245 1 0 _aTecnopolítica económica :
_bAnálisis y propuestas /
_cGermán Alarco Tosoni.
250 _aPrimera edición.
264 1 _aLima, Perú :
_bUniversidad del Pacífico,
_c2015.
300 _a356 páginas ;
_c23 centímetros.
336 _atext
_btxt
_2rdacontent
337 _aunmediated
_bn
_2rdamedia
338 _avolume
_bnc
_2rdacarrier
500 _aIncluye abreviatura y acrónimos principales.
504 _aIncluye referencias bibliográficas (páginas 345-356).
505 _aCapitalismo y revoluciones tecnológicas -- Crisis, recuperación, y estancamiento de la economía internacional -- Discusiones sobre el modelo económico -- Planeamiento, prospectiva e institucionalidad -- Minería, medio ambiente y desarrollo sostenible -- Competitividad y crecimiento económico -- Distribución del ingreso y conflicto social -- Panorama y política cambiaría -- Política monetaria e inflación-- Política fiscal y endeudamiento -- Competencia y regulación sectorial -- Inversión y sector empresarial -- Sector energético y Petroperú -- La economía en la coyuntura política.
526 _aP202
526 _aP201
526 _aP163
526 _aP162
526 _aP161
526 _aP160
526 _aP148
526 _aP147
526 _aP146
526 _aP145
526 _aP144
526 _aP143
526 _aP142
526 _aP141
526 _aP140
526 _aP139
526 _aP138
526 _aP137
526 _aP136
526 _aP135
526 _aP134
526 _aP133
526 _aP129
526 _aP128
526 _aP127
526 _aP120
526 _aP119
526 _aP118
526 _aP116
526 _aP115
526 _aP114
526 _aP110
526 _aP109
526 _aP108
526 _aP104
526 _aP103
526 _aP102
526 _aP99
526 _aP98
526 _aP97
526 _aP96
526 _aP95
526 _aP93
526 _aP90
526 _aP89
526 _aP88
526 _aP83
526 _aP82
526 _aP62
526 _aP59
526 _aP58
526 _aP57
526 _aP51
526 _aP49
526 _aP48
526 _aP47
526 _aP29
526 _aP24
526 _aP20
526 _aP19
526 _aP17
526 _aP15
526 _aP14
526 _aP12
526 _aP10
526 _aP09
526 _aP08
526 _aP07
526 _aP06
526 _aP05
526 _aP04
526 _aP01
650 1 4 _aDesarrollo económico
_91116
_vEnsayos, conferencias, etc.
650 2 4 _aAnálisis económico
_zPerú
_94105
651 2 4 _aPeru
_xPolítica económica
_y2009-2014.
942 _2ddc
_cBK
_n0
980 _618228
_aChristian Lazo Analista Documental
_81
_gALBERTO SANCHEZ Responsable de Automatización
999 _c62450
_d62449